W. G. Sebald Bibliography - Statistics

General Stats
  • This quiz has been taken 8 times
    6 since last reset
  • The average score is 12 of 41
Answer Stats
Type Year Name % Correct
Novel 2001 Austerlitz
100%
Short Story Collection 1992 The Emigrants
100%
Novel 1995 The Rings of Saturn
100%
Novel 1990 Vertigo
100%
Poetry Collection 2008 Across the Land and the Water: Selected Poems, 1964-2001
60%
Poem 2002 After Nature
60%
Essay Collection 1998 A Place in the Country
60%
Essay Collection 2003 Campo Santo
60%
Essay 2003 Campo Santo
60%
Poetry Collection 2001 For Years Now
60%
Essay Collection 1999 On the Natural History of Destruction
60%
Poetry Collection 2004 Unrecounted
60%
Short Story 1992 Ambros Adelwarth
40%
Short Story 1992 Dr. Henry Selwyn
40%
Essay 2003 Kafka Goes to the Movies
40%
Short Story 1992 Max Ferber
40%
Short Story 1992 Paul Bereyter
40%
Essay 2003 A Little Excursion to Ajaccio
20%
Essay 1998 As Day and Night
20%
Essay 2003 Between History and Natural History: On the Literary Description of Total Destruction
20%
Essay 1998 Why I Grieve I Do Not Know
20%
Essay 2003 Acceptance Speech to the Collegium of the German Academy
0%
Essay 1998 A Comet in the Heavens
0%
Essay 1999 Against the Irreversible
0%
Essay 1999 Air War and Literature
0%
Essay 2003 An Attempt at Restitution
0%
Essay 1999 Between the Devil and the Deep Blue Sea
0%
Essay 2003 Constructs of Morning: Günter Grass and Wolfgang Hildesheimer
0%
Essay 1998 Death Draws Nigh, Time Marches On
0%
Essay 2003 Des Häschens Kind, der Kleine Has
0%
Essay 2003 Dream Textures: A Brief Note on Nabokov
0%
Essay 1998 J'Aurais Voulu Que Ce Eut Été L'océan
0%
Essay 2003 La Cour de l'Ancienne École
0%
Essay 1998 Le Promeneur Solitaire
0%
Essay 2003 Moments Musicaux
0%
Essay 2003 Scomber Scombrus, or the Common Mackerel: On Pictures by Jan Peter Tripp
0%
Essay 2003 Strangeness, Integration and Crisis: On Peter Handke's Play Kaspar
0%
Essay 2003 The Alps in the Sea
0%
Essay 2003 The Mystery of the Red-Brown Skin: An Approach to Bruce Chatwin
0%
Essay 1999 The Remorse of the Heart
0%
Essay 2003 To the Brothel by Way of Switzerland: On Kafka's Travel Diaries
0%
No matching quizzes found
Score Distribution
Percent of People with Each Score
Percentile by Number Answered
Your Score History
You have not taken this quiz since the last reset